000 00528cam a2200145 4500500
005 20260111090602.0
041 _afre
042 _adc
100 1 0 _aVallin, Pierre
_eauthor
245 0 0 _aAndré Mandouze. Mémoires d’outre-siècle, T. II : 1962-1981. A gauche toute, bon Dieu ! Cerf, 2003, 498 pages, 39 €
260 _c2003.
500 _a21
786 0 _nÉtudes | 399 | 7 | 2003-07-01 | p. 129m-143m | 0014-1941
856 4 1 _uhttps://shs.cairn.info/revue-etudes-2003-7-page-129m?lang=fr&redirect-ssocas=7080
999 _c1619196
_d1619196